| 000 | 01635 a2200253 4500 | ||
|---|---|---|---|
| 001 | 42328 | ||
| 005 | 20260407155713.0 | ||
| 008 | 260407a2013 arg spa d | ||
| 003 | AR-UNSa-BCEJYS | ||
| 040 |
_aAR-UNSa-BCEJYS _bspa _cAR-UNSa-BCEJYS |
||
| 080 |
_a336.226.4:624 _xImpuestos a la construcción |
||
| 245 | 1 | 0 |
_aConstrucción _pIVA, ganancias, ITI, ingresos brutos, fideicomisos |
| 020 | _a978-987-01-1566-3 | ||
| 250 | _a3a. ed. | ||
| 264 | 1 |
_aBuenos Aires : _bErrepar _c2013 |
|
| 300 |
_axxi, 440 p. _c27 cm. |
||
| 505 | _a1. Terminología de la construcción - 2. Obras sobre inmueble propio. Objeto y sujeto - 3. Obras sobre inmueble propio. Nacimiento del hecho imponible y base imponible - 4. Obras sobre inmuebles de terceros - 5. La reducción de la tasa para viviendas - 6. Exenciones - 7. El IVA y los alquileres de inmuebles - 8. Operaciones con inmuebles en el impuesto a las ganancias y en el ITI - 9. Impuesto a las ganancias. Construcciones, reconstrucciones y reparaciones para terceros - 10. Impuesto a la ganancia mínima presunta - 11. Ciuddad Autónoma de Buenos Aires - 12. Provincia de Buenos Aires - 13. Provincia de Córdoba - 14. Provincia de Santa Fe - 15. Provincia de Mendoza - 16. Convenio multilateral - 17. Regímenes de información - 18. Misceláneas. Otros temas que requieren atención - 19. Práctica de inspección - 20. Fideicomiso | ||
| 041 | _aspa | ||
| 942 | _cBK | ||
| 590 | _aniveau_biblio:m niveau_hierar:0 | ||
| 100 | 1 | _aBalán, Osvaldo | |
| 700 | 1 | _aZilli, Osvaldo M. | |
| 856 | 4 | 1 |
_uhttps://biblioeco.unsa.edu.ar/pmb/images/libros/L126495.jpg _yImagen de portada _qimage/jpeg |
| 999 |
_c3603 _d3603 |
||